Siput

Bibliographic Details
Main Author: Coldrey, Jennifer
Other Authors: Harland, Jackie (illustrasi)
Format: Book
Published: Petaling Jaya : Penerbit Pan Earth Sdn. Bhd. , 1992
Series:Siri Kitar Hidup Haiwan
Subjects:

MARC

LEADER 00000cam a2200000 7i4500
001 0000005383
002 000005816
005 20060116.0
020 |a 9679567397 
090 0 0 |a 591.51   |b KIT 
100 1 |a Coldrey, Jennifer 
245 1 0 |a Siput   |c Jennifer Coldrey ; illustrasi oleh Jackie Harland 
260 |a Petaling Jaya :   |b Penerbit Pan Earth Sdn. Bhd. ,   |c 1992 
300 |a 31p. :   |b ill. ;   |c 18cm. 
490 0 |a Siri Kitar Hidup Haiwan 
650 0 0 |a Snails   |x Juvenile literature 
700 1 |a Harland, Jackie ,   |e illustrasi 
999 |a 022728   |b BUKU   |c RUJUKAN   |e PERPUSTAKAAN KOMUNITI PETALING JAYA